000 01558cad a22002775a 4500
001 L160094
008 100611s2009 xxk f 000 0 eng d
035 _a(Sirsi) u160094
041 0 _aeng
110 2 _aFederation International Des Geometres
111 2 _aFIG / World Bank Conference Washington DC, USA
_d9 - 10 March 2009
245 0 0 _aProperty rights and property wrongs
_bThe relevance of land reform and a small-farmer strategy for property reduction and economic evelopment
_h[electronic resource]
260 _aWashington
_bFIG
_c2009
520 _aLooks at the land tenure and land reform debates, in the light of the ongoing basic re-consideration of (a) the role of the State, (b) distribution of income within countries, (c) the issue of how the poor can survive, even move forward, during three probable Great Adjustments. These are to: the largest, longest and most global GDP setback since 1945; longer-run rising prices of food and farm energy; and falling and increasingly uncertain water availability per person and per hectare, due only in part to global warming (itself, of course, almost certain).
521 _aAdvanced
590 _aKA
650 2 4 _aLAND REFORM
650 2 4 _aDEVELOPING COUNTRIES
650 2 4 _aINCOME INEQUALITY
650 2 4 _aLAND TENURE
651 4 _aInternational
690 _aLand use
_96251
700 1 _aLipton, Michael
856 4 0 _uhttps://www.rics.org/Global/Downloads/RICS_FIG_Property_Rights_and_Property_Wrongs.pdf
_zView the conference paper free of charge at www.rics.org
942 _n0
999 _c116210
_d116210